Gramatika anglického jazyka /
Uložené v:
| Hlavný autor: | |
|---|---|
| Médium: | Kniha |
| Jazyk: | English Czech |
| Vydané: |
Brno :
Didaktis,
c2007.
|
| Vydanie: | Vyd. 1. |
| Témy: | |
| ISBN: |
9788073580667 (brož.) |
| Fyzický popis: |
254 s. ; 24 cm. |
| Tagy: |
Pridať tag
Žiadne tagy, Buďte prvý kto otaguje tento záznam!
|
Titul je dostupný aj v ... 

MARC
| LEADER | 00000nam a2200000 a 4500 | ||
|---|---|---|---|
| 001 | 000435913 | ||
| 005 | 20140116131831.0 | ||
| 008 | 080916s2007 xr e f 00 1 0 eng d | ||
| 020 | |a 9788073580667 (brož.) | ||
| 040 | |a SVKKK |b slo |c SVKKK |e AACR2 | ||
| 041 | 0 | |a eng |a cze | |
| 044 | |a xr |c CZ | ||
| 072 | 7 | |a 81 |x Lingvistika. Jazyky |2 konspekt | |
| 080 | |a 81`36 |2 2001 | ||
| 080 | |a 811.111 |2 2001 | ||
| 080 | |a (048.8) |2 2001 | ||
| 100 | 1 | |a Belán, Juraj | |
| 245 | 1 | 0 | |a Gramatika anglického jazyka / |c [Juraj Belán]. |
| 250 | |a Vyd. 1. | ||
| 260 | |a Brno : |b Didaktis, |c c2007. | ||
| 300 | |a 254 s. ; |c 24 cm. | ||
| 500 | |a Údaj o aut. prevzatý z rubu titul. knihy | ||
| 504 | |a Register pojmov: s. 252-254; bibliografia: s. 255 | ||
| 650 | 0 | 7 | |a angličtina |2 SVKKKPH |
| 650 | 0 | 7 | |a gramatika |2 SVKKKPH |
| 655 | 7 | |a príručky |2 SVKKKPH | |
| 910 | |a svkkk | ||
| 919 | |a 978-80-7358-066-7 | ||
| 998 | |a BK | ||
| 090 | |g SCKUS |k Americké centrum |a IV.218693 |j 1049263 |i 2720291675 |s Voľný výber | ||